Follow the drinking gourd / (Record no. 6467)
[ view plain ]
| 000 -LEADER | |
|---|---|
| fixed length control field | 01052nam a22002897a 4500 |
| 001 - CONTROL NUMBER | |
| control field | 6467 |
| 003 - CONTROL NUMBER IDENTIFIER | |
| control field | FISKH |
| 005 - DATE AND TIME OF LATEST TRANSACTION | |
| control field | 20250506095259.0 |
| 008 - FIXED-LENGTH DATA ELEMENTS--GENERAL INFORMATION | |
| fixed length control field | 250506b cb ||||| |||| 00| 0 eng d |
| 040 ## - CATALOGING SOURCE | |
| Original cataloging agency | DLC |
| Transcribing agency | DLC |
| Modifying agency | DLC |
| Description conventions | eng |
| 050 ## - LIBRARY OF CONGRESS CALL NUMBER | |
| Classification number | PZ7.W7547 F |
| 082 ## - DEWEY DECIMAL CLASSIFICATION NUMBER | |
| Classification number | 813 |
| 100 ## - MAIN ENTRY--PERSONAL NAME | |
| Personal name | Winter, Jeanette |
| 245 00 - TITLE STATEMENT | |
| Title | Follow the drinking gourd / |
| Statement of responsibility, etc. | Story and pictures by Jeanette Winter |
| 260 ## - PUBLICATION, DISTRIBUTION, ETC. | |
| Date of publication, distribution, etc. | New York : |
| Place of publication, distribution, etc. | Scholastic, |
| Name of publisher, distributor, etc. | 1988. |
| 300 ## - PHYSICAL DESCRIPTION | |
| Extent | 48 unnumbered pages : |
| Other physical details | color illustrations ; |
| Dimensions | 26 x 28 cm |
| 490 1# - SERIES STATEMENT | |
| Series statement | American heroes and legends |
| 505 ## - FORMATTED CONTENTS NOTE | |
| Formatted contents note | P<br/> |
| 520 ## - SUMMARY, ETC. | |
| Summary, etc. | By following the directions in a song, "The Drinking Gourd," taught them by an old sailor named Peg Leg Joe, runaway slaves journey north along the Underground Railroad to freedom in Canada. |
| 521 8# - TARGET AUDIENCE NOTE | |
| Target audience note | 630<br/> |
| Source | Lexile AD<br/> |
| 521 8# - TARGET AUDIENCE NOTE | |
| Target audience note | P<br/> |
| Source | Raz-Plus<br/> |
| 650 ## - SUBJECT ADDED ENTRY--TOPICAL TERM | |
| Topical term or geographic name entry element | American history |
| Form subdivision | Underground Railroad |
| General subdivision | Slavery |
| 700 ## - ADDED ENTRY--PERSONAL NAME | |
| Personal name | Winter, Jeanette |
| Relator term | illustrator |
| 906 ## - LOCAL DATA ELEMENT F, LDF (RLIN) | |
| a | 7 |
| b | cbc |
| c | orignew |
| d | u |
| e | ncip |
| f | 19 |
| g | y-movingim |
| 942 ## - ADDED ENTRY ELEMENTS (KOHA) | |
| Source of classification or shelving scheme | Dewey Decimal Classification |
| Koha item type | Books |
| Suppress in OPAC | No |
| Withdrawn status | Lost status | Source of classification or shelving scheme | Damaged status | Not for loan | Collection | Home library | Current library | Shelving location | Date acquired | Total Checkouts | Full call number | Barcode | Date last seen | Copy number | Price effective from | Koha item type |
|---|---|---|---|---|---|---|---|---|---|---|---|---|---|---|---|---|
| Dewey Decimal Classification | Juvenile Fiction | Footprints International School Library Network Toul Kork Campus | Footprints International School Library Network Toul Kork Campus | TK Primary Library Room(4th Floor), Bookcase 3&4, Shelves 17-32, Yellow Books | 05/06/2025 | WIN 813 PZ7.W7547 F | FISTK01990 | 05/06/2025 | 1 | 05/06/2025 | Books |
